Decision support systems: putting theory into practice (Record no. 76822)

MARC details
000 -LEADER
fixed length control field 00437nam a2200169Ia 4500
008 - FIXED-LENGTH DATA ELEMENTS--GENERAL INFORMATION
fixed length control field 230917s9999||||xx |||||||||||||| ||und||
020 ## - ISBN
Price RS19.95
040 ## - CATALOGING SOURCE
-- 12120
Original cataloging agency VIVEKANANDA LIBRARY
041 ## - Language
-- English
082 ## - DDC NUMBER
Classification number 001.64 S73D
100 ## - MAIN ENTRY--PERSONAL NAME
Personal name Sprague, Ralph H, ed.
245 #0 - TITLE STATEMENT
Title Decision support systems: putting theory into practice
250 ## - EDITION STATEMENT
Edition statement 3rd ed.
260 ## - PUBLICATION, DISTRIBUTION, ETC. (IMPRINT)
Place of publication, distribution, etc New Jersey
Name of publisher, distributor, etc Prentice Hall
Date of publication, distribution, etc 1993
300 ## - PHYSICAL DESCRIPTION
Pages x,437 p.
942 ## - ADDED ENTRY ELEMENTS (KOHA)
Koha item type Books
Holdings
Withdrawn status Lost status Damaged status Not for loan Location (home branch) Sublocation or collection (holding branch) Shelving location Date acquired Koha issues (times borrowed) Koha full call number Accession No. Koha date last seen Koha item type
        VIVEKANANDA LIBRARY VIVEKANANDA LIBRARY UIET Library 08/08/2002   001.64 S73D 152322 17/09/2023 Books
© Designed and Maintained by Vivekananda Library, MDU Rohtak